| 000 | 00746nam a2200205 i 4500 | ||
|---|---|---|---|
| 001 | 24594 | ||
| 003 | ES-MaACL | ||
| 005 | 20230906153058.0 | ||
| 007 | t| | ||
| 008 | 021218s1952 sp ||||1| spa d | ||
| 100 | 1 |
_aAparicio Garrido, José. _922064 |
|
| 245 | 1 | 0 |
_aParasitología y clínica de las helmintiasis / _cpor José Aparicio Garrido y Antonio Prieto Lorenzo. |
| 260 |
_aMadrid : _bPaz Montalvo, _c1952 ( _fArt. Gráf. Diana) |
||
| 300 |
_a358 p. : _bil. ; _c24 cm. |
||
| 490 | 1 | _aPublicaciones del Instituto Español de Medicina colonial | |
| 700 | 1 |
_aPrieto Lorenzo, Antonio. _993933 |
|
| 830 | 0 |
_aPublicaciones del Instituto Español de Medicina colonial _9186457 |
|
| 852 |
_aES-MaACL _jD-8448 _bR.33321 |
||
| 999 |
_c24594 _d24594 |
||